Formirovanie kommunikativnoj kompetencii v processe professionaľno orientirovannogo obučenija russkomu jazyku: opyt Ekonomičeskogo universiteta v g. Bratislave

Odborne zameraná výučba ruského jazyka na Ekonomickej univerzite v Bratislave. Dosiahnutie komunikatívnej kompetencie ako hlavný cieľ výučby. Rôzne úrovne ovládania ruského jazyka ako cudzieho. Nedostatok odborných učebných pomôcok v ruskom jazyku.

Guardado en:
Detalles Bibliográficos
Autor principal: Dulebová, Irina
Formato: Capítulo de libro
Lenguaje:ruso
Materias:
Etiquetas: Agregar Etiqueta
Sin Etiquetas, Sea el primero en etiquetar este registro!

MARC

LEADER 00000naa$a2200000$$$4500
001 0056082
005 20240502083138.5
041 0 |a rus 
044 |a RU 
245 1 0 |a Formirovanie kommunikativnoj kompetencii v processe professionaľno orientirovannogo obučenija russkomu jazyku: opyt Ekonomičeskogo universiteta v g. Bratislave  |c Irina Dulebová 
520 |a Odborne zameraná výučba ruského jazyka na Ekonomickej univerzite v Bratislave. Dosiahnutie komunikatívnej kompetencie ako hlavný cieľ výučby. Rôzne úrovne ovládania ruského jazyka ako cudzieho. Nedostatok odborných učebných pomôcok v ruskom jazyku. 
610 2 0 |a vzdelávanie 
610 2 0 |a vyučovanie 
610 2 0 |a predmety učebné 
610 2 0 |a jazyky cudzie 
610 2 0 |a univerzity 
610 2 0 |a študenti 
610 2 0 |a odbornosť 
610 2 0 |a komunikácia multikultúrna 
610 2 0 |a vzťahy obchodné 
100 1 |a Dulebová, Irina